000 00664nam a2200205Ii 4500
003 JO-AjNU
008 230605s9999||||xx |||||||||||||| ||und||
040 _aJO-AjNU
_bara
_erda
_cJO-AjNU
041 _aara
050 1 4 _aBP166.94.M98
100 3 _aالمظفر، محمد رضا ، تقديم حامد حفني داود,
_eauthor
_949412
245 0 0 _aعقائد الإمامية
250 _aط3
264 3 1 _aد.م: انتشارات الشريف الرضي، د.ت
300 _a136ص
336 _atext
_btxt
_2rdacontent
337 _aunmediated
_bn
_2rdamedia
338 _avolume
_bnc
_2rdacarrier
650 4 _aالعقيدة الاسلامية
_949413
999 _aA21701
_c25269
_d25269